Christopher Marlowe Doctor Faustus (Record no. 10519)

MARC details
000 -LEADER
fixed length control field 00403nam a22001697a 4500
003 - CONTROL NUMBER IDENTIFIER
control field OSt
008 - FIXED-LENGTH DATA ELEMENTS--GENERAL INFORMATION
fixed length control field 210224b ||||| |||| 00| 0 eng d
020 ## - INTERNATIONAL STANDARD BOOK NUMBER
International Standard Book Number 9780195619270
082 ## - DEWEY DECIMAL CLASSIFICATION NUMBER
Classification number 822 DAD
100 ## - MAIN ENTRY--PERSONAL NAME
Personal name DATTA,Kitty Ed.
245 ## - TITLE STATEMENT
Title Christopher Marlowe Doctor Faustus
250 ## - EDITION STATEMENT
Edition statement 2nd
260 ## - PUBLICATION, DISTRIBUTION, ETC. (IMPRINT)
Place of publication, distribution, etc New Delhi
Name of publisher, distributor, etc Oxford
Date of publication, distribution, etc 2020
300 ## - PHYSICAL DESCRIPTION
Extent 209
650 ## - SUBJECT ADDED ENTRY--TOPICAL TERM
Topical term or geographic name as entry element B.A Hons. English
942 ## - ADDED ENTRY ELEMENTS (KOHA)
Source of classification or shelving scheme Dewey Decimal Classification
Koha item type Text Books
942 ## - ADDED ENTRY ELEMENTS (KOHA)
-- 17
Holdings
Withdrawn status Lost status Source of classification or shelving scheme Damaged status Not for loan Collection code Home library Current library Date acquired Source of acquisition Currency Cost, normal purchase price Bill Number Total Checkouts Full call number Acc. no. / Barcode Date last seen Actual Cost, discounted price Bill Date Koha item type Date last borrowed
    Dewey Decimal Classification     B.A Hons. English PIET NCR College Library PIET NCR College Library 10/02/2021 Kirti Praskshan IN Rupees 135.00 IN1560   822 DAD N777 24/02/2021 91.80 10/02/2021 Reference Books  
    Dewey Decimal Classification     B.A Hons. English PIET NCR College Library PIET NCR College Library 10/02/2021 Kirti Praskshan IN Rupees 135.00 IN1560 5 822 DAD N778 17/10/2025 91.80 10/02/2021 Text Books 01/10/2025
    Dewey Decimal Classification     B.A Hons. English PIET NCR College Library PIET NCR College Library 10/02/2021 Kirti Praskshan IN Rupees 135.00 IN1560 3 822 DAD N779 01/10/2025 91.80 10/02/2021 Text Books 15/09/2025
    Dewey Decimal Classification     B.A Hons. English PIET NCR College Library PIET NCR College Library 10/02/2021 Kirti Praskshan IN Rupees 135.00 IN1560 4 822 DAD N780 14/10/2025 91.80 10/02/2021 Text Books 09/10/2025
    Dewey Decimal Classification     B.A Hons. English PIET NCR College Library PIET NCR College Library 10/02/2021 Kirti Praskshan IN Rupees 135.00 IN1560 5 822 DAD N781 16/10/2025 91.80 10/02/2021 Text Books 03/10/2025
    Dewey Decimal Classification     B.A Hons. English PIET NCR College Library PIET NCR College Library 10/02/2021 Kirti Praskshan IN Rupees 135.00 IN1560 5 822 DAD N782 28/10/2025 91.80 10/02/2021 Text Books 27/10/2025
    Dewey Decimal Classification     B.A Hons. English PIET NCR College Library PIET NCR College Library 10/02/2021 Kirti Praskshan IN Rupees 135.00 IN1560 7 822 DAD N783 17/10/2025 91.80 10/02/2021 Text Books 01/10/2025
    Dewey Decimal Classification     B.A Hons. English PIET NCR College Library PIET NCR College Library 10/02/2021 Kirti Praskshan IN Rupees 135.00 IN1560 5 822 DAD N784 15/10/2025 91.80 10/02/2021 Text Books 01/10/2025
    Dewey Decimal Classification     B.A Hons. English PIET NCR College Library PIET NCR College Library 10/02/2021 Kirti Praskshan IN Rupees 135.00 IN1560 4 822 DAD N785 16/10/2025 91.80 10/02/2021 Text Books 03/10/2025
    Dewey Decimal Classification     B.A Hons. English PIET NCR College Library PIET NCR College Library 10/02/2021 Kirti Praskshan IN Rupees 135.00 IN1560 3 822 DAD N786 16/10/2025 91.80 10/02/2021 Text Books 06/10/2025

Design & Developed by: PIET Central Library
R70 Miles Stone Pattikalyana Samalkha Panipat 132102
mail ID :- [email protected], Phone No:- 0180-2569700 Ex.216